00564nam a2200169 i 450000100060000000300090000600500170001500700030003200800410003510000440007624501290012026000610024930000290031070000140033970000210035385200200037472772ES-MaACL20230906171543.0t|040902s1999 sp ||||1| spa d1 aGoethe, Johann Wolfgang von,d1749-183210aLetrres choisíes, 1765-1832 / cJohann Wolgany von Goethe ; traduites par A. Fauta ; avec une préface de Arthur Chuques. a[S.l. : bs.n., c1912] (eCoulommiers : fPaul Brodard) aXXXIV, 415 p. ; c18 cm.1 aFauta, A.1 aChuquet, Arthur. aES-MaACLjG-221